| 000 | 00647nam a2200217 a 4500 | ||
|---|---|---|---|
| 001 | 19044 | ||
| 003 | BD-RjUL | ||
| 005 | 20211209000357.0 | ||
| 008 | 140223s1934 enk 000 1 eng d | ||
| 035 |
_aOCLC ocm11882684 from D960328M _a(BD-RjUL)19102 |
||
| 040 |
_aAZS _cAZS _dEQO _dBD-RjUL _beng |
||
| 041 | _aeng | ||
| 082 |
_a823.9 _bMAH 1934 |
||
| 090 |
_aPR6025.A2224 _bH6 1934 |
||
| 100 | 1 |
_aMacdonell, A. G. _q(Archibald Gordon), _d1895-1941. _958694 |
|
| 245 | 1 | 0 |
_aHow like an angel / _cA.G. Macdonell. |
| 260 |
_aLondon : _bMacmillan, _c1934. |
||
| 300 |
_a297 p. : _c20 cm. |
||
| 650 |
_a Cricket in literature. _958695 |
||
| 942 |
_2ddc _cBK |
||
| 999 |
_c19044 _d19044 |
||